[Event "Florianopolis op 3rd"]
[Site "Florianopolis"]
[Date "2017.01.21"]
[Round "2"]
[White "Cubas, Jose Fernando"]
[Black "Marra, Eduardo da Costa"]
[Result "1-0"]
[WhiteElo "2469"]
[BlackElo "2191"]
[PlyCount "68"]
[EventDate "2017.01.20"]
[EventType "swiss"]
[EventRounds "10"]
[EventCountry "BRA"]
[SourceTitle "CBM 176 Extra"]
[Source "ChessBase"]
[SourceDate "2017.03.02"]
[SourceVersion "1"]
[SourceVersionDate "2017.03.02"]
[SourceQuality "1"]

1. e4 d6 2. d4 Nf6 3. Nc3 e5 4. Nge2 Be7 5. f3 c6 6. Be3 b5 7. Qd2 Nbd7 8. d5
Bb7 9. dxc6 Bxc6 10. Ng3 b4 11. Nb5 d5 12. Nf5 O-O 13. Nxa7 Bb7 14. Nb5 dxe4
15. Nbd6 Bc6 16. Bh6 e3 17. Bxe3 Nd5 18. Nxe7+ Qxe7 19. Nf5 Qe6 20. Bd3 Nxe3
21. Qxe3 g6 22. Ng3 Rxa2 23. Rxa2 Qxa2 24. b3 Qb2 25. O-O Ra8 26. Ne2 Ra1 27.
Qg5 Rxf1+ 28. Kxf1 Qa1+ 29. Kf2 Qa7+ 30. Kf1 Qc5 31. Qd8+ Kg7 32. Qc7 e4 33.
fxe4 Ne5 34. h3 h5 1-0

[Event "Florianopolis op 3rd"]
[Site "Florianopolis"]
[Date "2017.01.21"]
[Round "3"]
[White "Rothebarth, Ana Vitoria de Paul"]
[Black "Cubas, Jose Fernando"]
[Result "0-1"]
[WhiteElo "2039"]
[BlackElo "2469"]
[PlyCount "94"]
[EventDate "2017.01.20"]
[EventType "swiss"]
[EventRounds "10"]
[EventCountry "BRA"]
[SourceTitle "CBM 176 Extra"]
[Source "ChessBase"]
[SourceDate "2017.03.02"]
[SourceVersion "1"]
[SourceVersionDate "2017.03.02"]
[SourceQuality "1"]

1. e4 c5 2. Nf3 Nc6 3. Bb5 g6 4. Bxc6 dxc6 5. d3 Bg7 6. h3 e5 7. Be3 b6 8. Nc3
Nf6 9. Qd2 Qd6 10. a4 a5 11. Bh6 O-O 12. Bxg7 Kxg7 13. Qg5 Re8 14. Nd2 Nh5 15.
Ne2 Ra7 16. O-O f6 17. Nc4 Qd8 18. Qd2 Ba6 19. b3 Kg8 20. f4 Bxc4 21. bxc4 exf4
22. Nxf4 Ng3 23. Rfe1 Nxe4 24. Qe3 Nd6 25. Qf3 Nf5 26. c3 Rxe1+ 27. Rxe1 Re7
28. Rxe7 Qxe7 29. Kf2 Qe5 30. g4 Ne7 31. Qe3 Qd6 32. d4 cxd4 33. cxd4 Kf7 34.
Kf3 g5 35. Nd3 Ng6 36. c5 bxc5 37. Nxc5 Kg7 38. Ne6+ Kh6 39. Nc5 Qh2 40. Ke4
Nf4 41. Kf5 Nd5 42. Qf3 Qd6 43. Ke4 Qb8 44. Kd3 Qb2 45. Ne4 Nf4+ 46. Ke3 Ng2+
47. Kd3 Ne1+ 0-1

[Event "Florianopolis op 3rd"]
[Site "Florianopolis"]
[Date "2017.01.22"]
[Round "4"]
[White "Cubas, Jose Fernando"]
[Black "Supi, Luis Paulo"]
[Result "0-1"]
[WhiteElo "2469"]
[BlackElo "2513"]
[PlyCount "37"]
[EventDate "2017.01.20"]
[EventType "swiss"]
[EventRounds "10"]
[EventCountry "BRA"]
[SourceTitle "CBM 176 Extra"]
[Source "ChessBase"]
[SourceDate "2017.03.02"]
[SourceVersion "1"]
[SourceVersionDate "2017.03.02"]
[SourceQuality "1"]

1. e4 c5 2. Nf3 e6 3. d4 cxd4 4. Nxd4 a6 5. Bd3 Bc5 6. Nb3 Be7 7. O-O d6 8. Qg4
g6 9. Qe2 Nc6 10. a4 Nf6 11. f4 O-O 12. Be3 e5 13. Nc3 Nb4 14. a5 Bg4 15. Qf2
Be6 16. Bb6 Qb8 17. fxe5 Nxd3 18. cxd3 Ng4 19. Qg3 0-1

[Event "Florianopolis op 3rd"]
[Site "Florianopolis"]
[Date "2017.01.23"]
[Round "5"]
[White "Rocha, Arthur Ferreira"]
[Black "Cubas, Jose Fernando"]
[Result "0-1"]
[WhiteElo "1959"]
[BlackElo "2469"]
[PlyCount "41"]
[EventDate "2017.01.20"]
[EventType "swiss"]
[EventRounds "10"]
[EventCountry "BRA"]
[SourceTitle "CBM 176 Extra"]
[Source "ChessBase"]
[SourceDate "2017.03.02"]
[SourceVersion "1"]
[SourceVersionDate "2017.03.02"]
[SourceQuality "1"]

1. e4 c5 2. Nf3 d6 3. d4 cxd4 4. Nxd4 Nf6 5. Nc3 a6 6. f3 e5 7. Nb3 Be6 8. Be3
Be7 9. Qd2 O-O 10. Qf2 Nbd7 11. Be2 Rc8 12. Nd2 d5 13. exd5 Nxd5 14. Nxd5 Bxd5
15. c3 f5 16. f4 Bh4 17. g3 Bxh1 18. gxh4 Qe7 19. Bc4+ Kh8 20. O-O-O Be4 21.
Nxe4 0-1

[Event "Florianopolis op 3rd"]
[Site "Florianopolis"]
[Date "2017.01.23"]
[Round "6"]
[White "Cubas, Jose Fernando"]
[Black "Lemos, Dawton Almino"]
[Result "1-0"]
[WhiteElo "2469"]
[BlackElo "2148"]
[PlyCount "49"]
[EventDate "2017.01.20"]
[EventType "swiss"]
[EventRounds "10"]
[EventCountry "BRA"]
[SourceTitle "CBM 176 Extra"]
[Source "ChessBase"]
[SourceDate "2017.03.02"]
[SourceVersion "1"]
[SourceVersionDate "2017.03.02"]
[SourceQuality "1"]

1. e4 c5 2. Nf3 e6 3. d4 cxd4 4. Nxd4 a6 5. Nc3 Qc7 6. Be2 b5 7. f4 Bb7 8. Bf3
Nc6 9. Be3 Nxd4 10. Qxd4 Ne7 11. O-O-O Nc6 12. Qb6 Qxb6 13. Bxb6 Na7 14. Rd3
Nc8 15. Ba5 d6 16. f5 Bc6 17. fxe6 fxe6 18. Ne2 Bd7 19. Nd4 h5 20. e5 d5 21.
Bxd5 exd5 22. e6 Bc5 23. exd7+ Kxd7 24. Nb3 Kc6 25. Rc3 1-0

[Event "Florianopolis op 3rd"]
[Site "Florianopolis"]
[Date "2017.01.24"]
[Round "7"]
[White "Barbosa, Evandro Amorim"]
[Black "Cubas, Jose Fernando"]
[Result "1/2-1/2"]
[WhiteElo "2496"]
[BlackElo "2469"]
[PlyCount "68"]
[EventDate "2017.01.20"]
[EventType "swiss"]
[EventRounds "10"]
[EventCountry "BRA"]
[SourceTitle "CBM 176 Extra"]
[Source "ChessBase"]
[SourceDate "2017.03.02"]
[SourceVersion "1"]
[SourceVersionDate "2017.03.02"]
[SourceQuality "1"]

1. e4 e6 2. d3 d5 3. Qe2 Nf6 4. Nf3 c5 5. g3 Be7 6. Bg2 Nc6 7. O-O b6 8. e5 Nd7
9. c4 d4 10. Nfd2 Qc7 11. f4 a6 12. Na3 Rb8 13. Ne4 b5 14. h4 O-O 15. b3 f5 16.
exf6 Nxf6 17. Ng5 Nd8 18. Bd2 h6 19. Nf3 Nf7 20. Rae1 Ng4 21. h5 Nd6 22. Nxd4
cxd4 23. Qxg4 Nf5 24. Nc2 bxc4 25. dxc4 a5 26. Be4 a4 27. Rb1 axb3 28. axb3 Nd6
29. Bg2 e5 30. Qd1 Nf5 31. Qe1 d3 32. Ne3 Bd8 33. Kh1 Qe7 34. Nxf5 Bxf5 1/2-1/2

[Event "Florianopolis op 3rd"]
[Site "Florianopolis"]
[Date "2017.01.25"]
[Round "8"]
[White "Cubas, Jose Fernando"]
[Black "Maia, Luciano Malta"]
[Result "1-0"]
[WhiteElo "2469"]
[BlackElo "2307"]
[PlyCount "183"]
[EventDate "2017.01.20"]
[EventType "swiss"]
[EventRounds "10"]
[EventCountry "BRA"]
[SourceTitle "CBM 176 Extra"]
[Source "ChessBase"]
[SourceDate "2017.03.02"]
[SourceVersion "1"]
[SourceVersionDate "2017.03.02"]
[SourceQuality "1"]

1. e4 c5 2. Nf3 e6 3. d4 cxd4 4. Nxd4 Nf6 5. Nc3 Nc6 6. Ndb5 Bb4 7. a3 Bxc3+ 8.
Nxc3 d5 9. exd5 Nxd5 10. Bd2 O-O 11. Bd3 e5 12. O-O Be6 13. Ne4 Qe7 14. b4 Rfd8
15. Re1 f6 16. Qb1 g6 17. b5 Nd4 18. c3 Nf5 19. c4 Nb6 20. c5 Nd5 21. Bc4 Kg7
22. Qa2 Nc7 23. Ba5 Bxc4 24. Qxc4 Rd4 25. Qf1 Nd5 26. Rad1 Qd7 27. Nd6 Nxd6 28.
Rxd4 exd4 29. cxd6 Qxd6 30. Qc4 b6 31. Bd2 Qc5 32. Qd3 Rd8 33. Rc1 Qe7 34. Qxd4
Qxa3 35. h4 Qd6 36. Rc6 Qe7 37. g3 Qe5 38. Qxe5 fxe5 39. Re6 Nf4 40. gxf4 Rxd2
41. fxe5 Kf7 42. Rf6+ Ke7 43. h5 gxh5 44. f4 Rb2 45. Rh6 Rb4 46. Rxh7+ Ke6 47.
Rh6+ Ke7 48. f5 Rxb5 49. f6+ Ke6 50. Rxh5 a5 51. Rf5 Kxf5 52. f7 Kxe5 53. f8=Q
Rb4 54. Qd8 Ke6 55. Kf2 Ke5 56. Qd7 Ke4 57. Qd6 Kf5 58. Ke3 Re4+ 59. Kd2 Rb4
60. Kd3 Kg5 61. Qe6 Kf4 62. Qf6+ Kg4 63. Ke2 Re4+ 64. Kd2 Rb4 65. Ke3 Rb3+ 66.
Kf2 Rb4 67. Kg2 Kh5 68. Qe6 Kg5 69. Kg3 Kh5 70. Qg8 Kh6 71. Kf3 Kh5 72. Qg1
Rb3+ 73. Ke4 Rb4+ 74. Kd3 Kh4 75. Qg6 Rb3+ 76. Ke2 Rb4 77. Ke3 Kh3 78. Qg5 Kh2
79. Ke2 Kh3 80. Ke1 Kh2 81. Qe3 Kg2 82. Ke2 Rc4 83. Kd1 Rb4 84. Qd3 Kf2 85. Kd2
Rb2+ 86. Kc3 Rb4 87. Qd6 Rh4 88. Qd2+ Kf3 89. Qd5+ Kf2 90. Qd3 Kg2 91. Qe3 Rb4
92. Kd2 1-0

[Event "Florianopolis op 3rd"]
[Site "Florianopolis"]
[Date "2017.01.25"]
[Round "9"]
[White "Mecking, Henrique"]
[Black "Cubas, Jose Fernando"]
[Result "1/2-1/2"]
[WhiteElo "2606"]
[BlackElo "2469"]
[PlyCount "64"]
[EventDate "2017.01.20"]
[EventType "swiss"]
[EventRounds "10"]
[EventCountry "BRA"]
[SourceTitle "CBM 176 Extra"]
[Source "ChessBase"]
[SourceDate "2017.03.02"]
[SourceVersion "1"]
[SourceVersionDate "2017.03.02"]
[SourceQuality "1"]

1. Nf3 d5 2. g3 c6 3. b3 Bf5 4. Bb2 e6 5. Bg2 Nf6 6. d4 Be7 7. c4 O-O 8. O-O
Nbd7 9. Nbd2 Ne4 10. Nxe4 Bxe4 11. Nd2 Bxg2 12. Kxg2 Re8 13. Rc1 a5 14. a3 h6
15. e3 Bf6 16. b4 a4 17. e4 dxe4 18. Nxe4 Be7 19. d5 exd5 20. cxd5 Bxb4 21.
dxc6 bxc6 22. f3 Bf8 23. Rxc6 Ne5 24. Qxd8 Raxd8 25. Bxe5 Rxe5 26. Rf2 Rd3 27.
Rc3 Rxc3 28. Nxc3 Rc5 29. Kf1 Rc6 30. Ke2 Bxa3 31. Kd3 Rd6+ 32. Kc4 Rc6+
1/2-1/2

[Event "Florianopolis op 3rd"]
[Site "Florianopolis"]
[Date "2017.01.26"]
[Round "10"]
[White "Cubas, Jose Fernando"]
[Black "Granda Zuniga, Julio E"]
[Result "0-1"]
[WhiteElo "2469"]
[BlackElo "2644"]
[PlyCount "74"]
[EventDate "2017.01.20"]
[EventType "swiss"]
[EventRounds "10"]
[EventCountry "BRA"]
[SourceTitle "CBM 176 Extra"]
[Source "ChessBase"]
[SourceDate "2017.03.02"]
[SourceVersion "1"]
[SourceVersionDate "2017.03.02"]
[SourceQuality "1"]

1. e4 c6 2. d4 d5 3. Nd2 dxe4 4. Nxe4 Nd7 5. Nf3 Ngf6 6. Nxf6+ exf6 7. Bd3 Be7
8. O-O O-O 9. h3 Re8 10. Re1 Nf8 11. Bf4 Be6 12. c3 Qd7 13. Qc2 a5 14. a4 g6
15. Nd2 b5 16. axb5 cxb5 17. Be4 Bd5 18. Bxd5 Qxd5 19. Qd3 Qd7 20. Qf3 a4 21.
d5 f5 22. b3 Bf6 23. Rxe8 Rxe8 24. bxa4 b4 25. a5 Bxc3 26. Ra2 Qb5 27. Rc2 Qxa5
28. Qd3 Rd8 29. d6 Ne6 30. Nc4 Nxf4 31. Qxc3 bxc3 32. Nxa5 Rxd6 33. Nc4 Rd1+
34. Kh2 Nd5 35. Kg3 Rd3+ 36. f3 Rd4 37. Na3 f4+ 0-1

[Event "Florianopolis 4th"]
[Site "Florianopolis"]
[Date "2017.01.27"]
[Round "1"]
[White "Cunha, Lucas Aguiar"]
[Black "Cubas, Jose Fernando"]
[Result "1-0"]
[WhiteElo "2287"]
[BlackElo "2469"]
[PlyCount "73"]
[EventDate "2017.01.27"]
[EventType "tourn"]
[EventRounds "9"]
[EventCountry "BRA"]
[EventCategory "7"]
[SourceTitle "CBM 176 Extra"]
[Source "ChessBase"]
[SourceDate "2017.03.02"]
[SourceVersion "1"]
[SourceVersionDate "2017.03.02"]
[SourceQuality "1"]

1. b3 d5 2. Bb2 Nf6 3. e3 g6 4. c4 c6 5. Nf3 Bg7 6. Be2 O-O 7. O-O a5 8. Nc3
Ne4 9. Qc2 Na6 10. cxd5 Bf5 11. Nxe4 Bxe4 12. Qxe4 Bxb2 13. dxc6 Bxa1 14. cxb7
Ra7 15. Rxa1 Nc5 16. Qh4 Kg7 17. b8=Q Qxb8 18. Qd4+ f6 19. Qxc5 Rc8 20. Qd5 e5
21. d4 Rd8 22. Qe4 Qb4 23. Bc4 Qc3 24. Rf1 Re7 25. dxe5 fxe5 26. Qh4 Rdd7 27.
Ng5 h6 28. Ne4 g5 29. Qh5 Qc2 30. Ng3 Qg6 31. Qg4 h5 32. Nxh5+ Kh8 33. f4 exf4
34. exf4 Rh7 35. fxg5 Qxh5 36. Rf8+ Kg7 37. Rg8# 1-0

[Event "Florianopolis 4th"]
[Site "Florianopolis"]
[Date "2017.01.27"]
[Round "2"]
[White "Cubas, Jose Fernando"]
[Black "Guimaraes, Diogo Duarte"]
[Result "1-0"]
[WhiteElo "2469"]
[BlackElo "2219"]
[PlyCount "61"]
[EventDate "2017.01.27"]
[EventType "tourn"]
[EventRounds "9"]
[EventCountry "BRA"]
[EventCategory "7"]
[SourceTitle "CBM 176 Extra"]
[Source "ChessBase"]
[SourceDate "2017.03.02"]
[SourceVersion "1"]
[SourceVersionDate "2017.03.02"]
[SourceQuality "1"]

1. e4 e5 2. Nf3 Nf6 3. Nxe5 d6 4. Nf3 Nxe4 5. d4 d5 6. Bd3 Bd6 7. O-O O-O 8. c4
c6 9. Re1 Re8 10. Nc3 Nxc3 11. bxc3 Rxe1+ 12. Qxe1 Bg4 13. Bg5 f6 14. Bh4 g5
15. Bg3 Bxg3 16. hxg3 dxc4 17. Bxc4+ Kg7 18. Qe4 Bh5 19. Re1 b5 20. Bb3 Bg6 21.
Qe7+ Qxe7 22. Rxe7+ Kf8 23. Re6 Kg7 24. d5 c5 25. c4 Bf5 26. Re8 a5 27. cxb5
Bd7 28. Rd8 Bxb5 29. Nd2 Ba6 30. Bc4 Bb7 31. Ne4 1-0

[Event "Florianopolis 4th"]
[Site "Florianopolis"]
[Date "2017.01.28"]
[Round "3"]
[White "Molina, Roberto Junio Brito"]
[Black "Cubas, Jose Fernando"]
[Result "1-0"]
[WhiteElo "2440"]
[BlackElo "2469"]
[PlyCount "127"]
[EventDate "2017.01.27"]
[EventType "tourn"]
[EventRounds "9"]
[EventCountry "BRA"]
[EventCategory "7"]
[SourceTitle "CBM 176 Extra"]
[Source "ChessBase"]
[SourceDate "2017.03.02"]
[SourceVersion "1"]
[SourceVersionDate "2017.03.02"]
[SourceQuality "1"]

1. d4 Nf6 2. c4 e6 3. Nc3 d5 4. Nf3 c6 5. Bg5 Nbd7 6. e3 Qa5 7. Nd2 Bb4 8. Qc2
dxc4 9. Bxf6 Nxf6 10. Nxc4 Qd5 11. O-O-O Bxc3 12. Qxc3 O-O 13. f3 c5 14. e4
cxd4 15. Qxd4 Qxd4 16. Rxd4 Bd7 17. Nd6 Rfb8 18. b3 b5 19. Be2 a5 20. Kb2 Ra7
21. Rhd1 e5 22. R4d2 g6 23. Rc1 a4 24. Rc5 axb3 25. axb3 b4 26. Bc4 Rba8 27.
Nxf7 Ra2+ 28. Kc1 Ra1+ 29. Kc2 R8a2+ 30. Kd3 Rxd2+ 31. Kxd2 Ra2+ 32. Ke3 Rxg2
33. Nxe5+ Kf8 34. Nxd7+ Nxd7 35. Rc7 Ne5 36. Rxh7 Nxc4+ 37. bxc4 Rc2 38. h4
Rxc4 39. Rb7 Rc3+ 40. Kf4 b3 41. Kg4 Re3 42. Kf4 Rc3 43. e5 Ke8 44. Kg4 Kd8 45.
f4 Kc8 46. Rb4 Kd7 47. Kg5 Ke6 48. Rb6+ Kd5 49. e6 Rc6 50. Rxb3 Kxe6 51. Kxg6
Ke7+ 52. Kg7 Rc4 53. Re3+ Kd6 54. f5 Rxh4 55. f6 Rg4+ 56. Kf8 Kd7 57. f7 Rg2
58. Rd3+ Kc6 59. Ke8 Re2+ 60. Kd8 Rf2 61. Rd7 Ra2 62. Rc7+ Kb6 63. f8=Q Ra8+
64. Rc8 1-0

[Event "Florianopolis 4th"]
[Site "Florianopolis"]
[Date "2017.01.29"]
[Round "5"]
[White "Shumyatsky, Victor"]
[Black "Cubas, Jose Fernando"]
[Result "0-1"]
[WhiteElo "2452"]
[BlackElo "2469"]
[PlyCount "114"]
[EventDate "2017.01.27"]
[EventType "tourn"]
[EventRounds "9"]
[EventCountry "BRA"]
[EventCategory "7"]
[SourceTitle "CBM 176 Extra"]
[Source "ChessBase"]
[SourceDate "2017.03.02"]
[SourceVersion "1"]
[SourceVersionDate "2017.03.02"]
[SourceQuality "1"]

1. Nf3 d5 2. g3 Nf6 3. Bg2 g6 4. O-O Bg7 5. c4 c6 6. cxd5 cxd5 7. d4 O-O 8. Nc3
Nc6 9. Ne5 Nxe5 10. dxe5 Ng4 11. Qxd5 Nxe5 12. Bf4 Nc6 13. Rfd1 Be6 14. Qc5 Qb6
15. Qxb6 axb6 16. Be3 b5 17. Bc5 b4 18. Nd5 Bxb2 19. Rab1 Bxd5 20. Bxd5 Bc3 21.
Bxc6 bxc6 22. Bxb4 Bxb4 23. Rxb4 Rxa2 24. Re4 Ra7 25. Rc1 Rc8 26. Rec4 Ra6 27.
Kg2 h5 28. h4 Kg7 29. R1c3 e6 30. e4 Kf6 31. Rc5 Ke7 32. e5 Rb6 33. R5c4 Rc7
34. Kf3 Kd7 35. Rd4+ Kc8 36. Rdc4 Kb7 37. Ra3 c5 38. Ra5 Rb3+ 39. Kf4 Kb6 40.
Ra1 Rb4 41. Rxb4+ cxb4 42. f3 Rc4+ 43. Kg5 Rc3 44. Rf1 b3 45. g4 Kc5 46. gxh5
gxh5 47. Kxh5 Kd5 48. Kg5 Kxe5 49. h5 b2 50. Rb1 Rxf3 51. Rxb2 Rg3+ 52. Kh6 f5
53. Kh7 f4 54. h6 Kf5 55. Rh2 e5 56. Rh5+ Kf6 57. Kh8 Ra3 0-1

[Event "Florianopolis 4th"]
[Site "Florianopolis"]
[Date "2017.01.30"]
[Round "6"]
[White "Cubas, Jose Fernando"]
[Black "Rodriguez Vila, Andres"]
[Result "1/2-1/2"]
[WhiteElo "2469"]
[BlackElo "2468"]
[PlyCount "22"]
[EventDate "2017.01.27"]
[EventType "tourn"]
[EventRounds "9"]
[EventCountry "BRA"]
[EventCategory "7"]
[SourceTitle "CBM 176 Extra"]
[Source "ChessBase"]
[SourceDate "2017.03.02"]
[SourceVersion "1"]
[SourceVersionDate "2017.03.02"]
[SourceQuality "1"]

1. e4 c5 2. Nf3 Nc6 3. d4 cxd4 4. Nxd4 g6 5. Nc3 Bg7 6. Be3 Nf6 7. Bc4 O-O 8.
Bb3 Re8 9. h3 d6 10. O-O Na5 11. Qd2 Bd7 1/2-1/2

[Event "Florianopolis 4th"]
[Site "Florianopolis"]
[Date "2017.01.31"]
[Round "8"]
[White "Cubas, Jose Fernando"]
[Black "Perdomo, Leandro Daniel"]
[Result "1/2-1/2"]
[WhiteElo "2469"]
[BlackElo "2459"]
[PlyCount "110"]
[EventDate "2017.01.27"]
[EventType "tourn"]
[EventRounds "9"]
[EventCountry "BRA"]
[EventCategory "7"]
[SourceTitle "CBM 176 Extra"]
[Source "ChessBase"]
[SourceDate "2017.03.02"]
[SourceVersion "1"]
[SourceVersionDate "2017.03.02"]
[SourceQuality "1"]

1. e4 e5 2. Nf3 Nc6 3. Bc4 Nf6 4. d4 exd4 5. O-O Nxe4 6. Re1 d5 7. Bxd5 Qxd5 8.
Nc3 Qa5 9. Nxe4 Be6 10. Neg5 O-O-O 11. Nxe6 fxe6 12. Rxe6 Bd6 13. Bg5 Rde8 14.
Qe2 Kd7 15. Re1 Qxe1+ 16. Nxe1 Rxe6 17. Qg4 Rhe8 18. Nd3 Ne5 19. Nxe5+ Bxe5 20.
g3 h6 21. Bd2 Kc8 22. h4 Kb8 23. a4 Bf6 24. Kf1 Rc6 25. Qg6 Rd8 26. Qd3 Re8 27.
b4 a6 28. Kg2 Be5 29. Kh3 Rf8 30. Kg2 Bf6 31. Qe4 Rd8 32. Qd3 Be5 33. Kh3 Rf8
34. b5 Re6 35. f4 Bf6 36. f5 Re5 37. Bf4 Rc5 38. bxa6 bxa6 39. Qa3 Be7 40. Qb4+
Kc8 41. Qxd4 Rfxf5 42. Qxg7 Bf8 43. Qg8 Kb7 44. Qb3+ Kc8 45. Bxh6 Bxh6 46. Qe6+
Kb7 47. Qxh6 Rxc2 48. h5 Rf1 49. Qe6 Rh1+ 50. Kg4 Rch2 51. Qd5+ Kb8 52. Qb3+
Kc8 53. Qd5 Kb8 54. Qd8+ Kb7 55. Qd5+ Kb8 1/2-1/2

[Event "Graz op-A"]
[Site "Graz"]
[Date "2017.02.20"]
[Round "1"]
[White "Cubas Pons, Juan Miguel"]
[Black "Romanov, Evgeny"]
[Result "0-1"]
[WhiteElo "2190"]
[BlackElo "2644"]
[PlyCount "60"]
[EventDate "2017.02.20"]
[EventType "swiss"]
[EventRounds "9"]
[EventCountry "AUT"]
[SourceTitle "CBM 177 Extra"]
[Source "ChessBase"]
[SourceDate "2017.04.27"]
[SourceVersion "1"]
[SourceVersionDate "2017.04.27"]
[SourceQuality "1"]

1. d4 Nf6 2. c4 d6 3. Nc3 e5 4. Nf3 e4 5. Ng5 Qe7 6. Qc2 Nc6 7. Be3 Bf5 8. g3
h6 9. Bh3 Bg6 10. Qb3 Nd8 11. Ngxe4 Bxe4 12. O-O Bc6 13. d5 Bd7 14. Bg2 g6 15.
Bd4 Bg7 16. e4 c5 17. dxc6 Nxc6 18. Bxf6 Qxf6 19. Qxb7 Rb8 20. Qc7 Rc8 21. Qb7
Qd8 22. Nb5 O-O 23. Rad1 Rb8 24. Qa6 Bxb2 25. Rxd6 Rb6 26. Qa4 a6 27. Qd1 Ne5
28. f4 axb5 29. fxe5 Rxd6 30. Qxd6 bxc4 0-1

[Event "Curitiba IEP&Copel op"]
[Site "Curitiba"]
[Date "2017.05.12"]
[Round "1"]
[White "Cubas, Jose Fernando"]
[Black "Weise, William Ferreira"]
[Result "1-0"]
[WhiteElo "2468"]
[BlackElo "1838"]
[PlyCount "51"]
[EventDate "2017.05.12"]
[EventType "swiss"]
[EventRounds "6"]
[EventCountry "BRA"]
[SourceTitle "CBM 178 Extra"]
[Source "ChessBase"]
[SourceDate "2017.06.22"]
[SourceVersion "1"]
[SourceVersionDate "2017.06.22"]
[SourceQuality "1"]

1. e4 e6 2. d4 d5 3. Nc3 Nf6 4. Bg5 Be7 5. e5 Nfd7 6. Bxe7 Qxe7 7. Qh5 a6 8.
Nf3 c5 9. dxc5 Nxc5 10. Bd3 h6 11. O-O-O Bd7 12. Rhe1 b5 13. Ne2 Nc6 14. Ned4
Nb4 15. Kb1 Nbxd3 16. cxd3 b4 17. Re3 Ba4 18. Rc1 Kd7 19. b3 Bb5 20. Nxb5 axb5
21. Qg4 Na4 22. bxa4 Rxa4 23. Qd4 Rha8 24. Qb6 Ke8 25. Qxb5+ Kd8 26. Nd4 1-0

[Event "Curitiba IEP&Copel op"]
[Site "Curitiba"]
[Date "2017.05.12"]
[Round "2"]
[White "Da Silva Junior, Sediney Mari"]
[Black "Cubas, Jose Fernando"]
[Result "0-1"]
[WhiteElo "2010"]
[BlackElo "2468"]
[PlyCount "128"]
[EventDate "2017.05.12"]
[EventType "swiss"]
[EventRounds "6"]
[EventCountry "BRA"]
[SourceTitle "CBM 178 Extra"]
[Source "ChessBase"]
[SourceDate "2017.06.22"]
[SourceVersion "1"]
[SourceVersionDate "2017.06.22"]
[SourceQuality "1"]

1. e4 c5 2. c3 g6 3. d4 cxd4 4. cxd4 d5 5. exd5 Nf6 6. Nc3 Bg7 7. Nf3 O-O 8.
Qb3 Nbd7 9. Bg5 Nb6 10. h4 Nbxd5 11. Nxd5 Nxd5 12. h5 h6 13. Bd2 g5 14. Bd3 Be6
15. Bc4 b5 16. Bxb5 Nf4 17. Qa4 Nxg2+ 18. Kf1 Nf4 19. Bxf4 gxf4 20. Bc6 Rb8 21.
b3 a5 22. Rd1 Rb4 23. Qa3 Bd5 24. Qc1 Bxf3 25. Bxf3 Rxd4 26. Kg2 e6 27. Rxd4
Qxd4 28. Rh4 Be5 29. Rg4+ Kh8 30. Qe1 Bc7 31. Qc1 Bd6 32. Qe1 Bc5 33. Kh3 Rg8
34. Qg1 Rxg4 35. Qxg4 Qd2 36. Qh4 Kg7 37. Qg4+ Kf6 38. Qh4+ Ke5 39. Qg4 Kf6 40.
Qh4+ Kg7 41. Qg4+ Kf8 42. Qh4 Be7 43. Qg4 Bg5 44. Be2 Qxa2 45. Qf3 Qd2 46. Bc4
Kg7 47. Kg2 Bf6 48. Qg4+ Kf8 49. Qf3 Bd4 50. Qa8+ Ke7 51. Qb7+ Kf6 52. Qf3 Ke5
53. Be2 f5 54. Bc4 Kf6 55. Be2 Kg5 56. Kh3 Kf6 57. Kg2 Qc2 58. Qxf4 Qxe2 59.
Qxd4+ Kg5 60. Qd8+ Kxh5 61. Qxa5 Qg4+ 62. Kh2 Qf4+ 63. Kg2 Qe4+ 64. Kh2 Kg4 0-1

[Event "Curitiba IEP&Copel op"]
[Site "Curitiba"]
[Date "2017.05.13"]
[Round "3"]
[White "Cubas, Jose Fernando"]
[Black "Caetano, Hugo Zanotti Mendon"]
[Result "1-0"]
[WhiteElo "2468"]
[BlackElo "2188"]
[PlyCount "45"]
[EventDate "2017.05.12"]
[EventType "swiss"]
[EventRounds "6"]
[EventCountry "BRA"]
[SourceTitle "CBM 178 Extra"]
[Source "ChessBase"]
[SourceDate "2017.06.22"]
[SourceVersion "1"]
[SourceVersionDate "2017.06.22"]
[SourceQuality "1"]

1. d4 d5 2. c4 e6 3. Nc3 c6 4. e4 dxe4 5. Nxe4 Bb4+ 6. Bd2 Qxd4 7. Bxb4 Qxe4+
8. Be2 Qxg2 9. Bf3 Qg5 10. Ne2 Nd7 11. Rg1 Qf6 12. Ng3 Qxb2 13. Rb1 Qe5+ 14.
Ne4 Nh6 15. Bc3 Qf4 16. Bxg7 Rg8 17. Ke2 Rxg7 18. Rxg7 Qe5 19. Rxh7 Nf5 20. Kf1
Nb6 21. Qc1 Bd7 22. Qg5 Qd4 23. Qg8+ 1-0

[Event "Curitiba IEP&Copel op"]
[Site "Curitiba"]
[Date "2017.05.13"]
[Round "4"]
[White "Menna Barreto, Felipe Kubiaki"]
[Black "Cubas, Jose Fernando"]
[Result "0-1"]
[WhiteElo "2304"]
[BlackElo "2468"]
[PlyCount "130"]
[EventDate "2017.05.12"]
[EventType "swiss"]
[EventRounds "6"]
[EventCountry "BRA"]
[SourceTitle "CBM 178 Extra"]
[Source "ChessBase"]
[SourceDate "2017.06.22"]
[SourceVersion "1"]
[SourceVersionDate "2017.06.22"]
[SourceQuality "1"]

1. d4 d5 2. Nf3 Nf6 3. Bf4 g6 4. e3 Bg7 5. Bd3 c5 6. O-O O-O 7. c3 Nc6 8. Nbd2
Nd7 9. Qe2 e5 10. dxe5 Ndxe5 11. Nxe5 Nxe5 12. Bxe5 Bxe5 13. Nf3 Bc7 14. Rfd1
Qf6 15. Rd2 Rd8 16. Rad1 Bd7 17. Bc4 Ba4 18. Bb3 Bxb3 19. axb3 Qc6 20. Ng5 h6
21. Nh3 Rd7 22. Qf3 Rad8 23. Nf4 Bxf4 24. Qxf4 Qb5 25. Qa4 Qxa4 26. bxa4 Kf8
27. Kf1 Ke7 28. Ke2 Ke6 29. h4 Rd6 30. b4 b6 31. g3 Ke5 32. b5 g5 33. hxg5 hxg5
34. Rh1 d4 35. cxd4+ cxd4 36. Rd3 Rc8 37. Kf3 Rc4 38. exd4+ Rdxd4 39. Rxd4 Rxd4
40. Re1+ Kd6 41. Rc1 Rxa4 42. Rc6+ Ke5 43. Rc7 f6 44. Re7+ Kf5 45. Rd7 Ra3+ 46.
Kg2 Rb3 47. Rxa7 Rxb5 48. Rb7 Rb3 49. Rb8 g4 50. Rb7 Ke5 51. Rb8 b5 52. Rb6 f5
53. Rb8 Kd4 54. Rd8+ Kc4 55. f4 b4 56. Rc8+ Kd4 57. Rd8+ Kc3 58. Rc8+ Kd2 59.
Rb8 Kc2 60. Rb5 Kd3 61. Rxf5 Rc3 62. Rb5 b3 63. f5 Rc2+ 64. Kf1 b2 65. f6 Rc1+
0-1